000 02328cam a2200301 4500500
005 20251228052906.0
041 _afre
042 _adc
100 1 0 _aBlanc, Nathalie
_eauthor
700 1 0 _aGlatron, Sandrine
_eauthor
245 0 0 _aDu paysage urbain dans les politiques nationales d'urbanisme et d'environnement
260 _c2005.
500 _a85
520 _aRésuméL’analyse de textes relatifs au droit de l’environnement et au droit de l’urbanisme montre la double, sinon triple, filiation du paysage urbain ; tantôt associé à la protection de territoires au regard du développement urbain ou encore à l’embellissement urbain et au renouveau dans les pratiques d’aménagement urbain, le paysage est également lié aux questions d’identité urbaine. Cette étude de politiques publiques permet de savoir si la référence paysagère correspond à un engagement environnemental ou s’il s’agit d’un jeu rhétorique. Le paysage ne pourrait-il pas devenir une question vive de l’aménagement urbain en intégrant dans ses préoccupations les composantes invisibles, fonctionnements sociaux et écologiques, de sa dimension visible ?
520 _aAn analysis of environmental law and town-planning law shows the double, if not triple, affiliation of the urban landscape: sometimes associated with protection of territories from urban development, sometimes related to urban beautification and new urban development practices, it is also linked to issues of urban identity. This public policy study enables us to determine whether landscape is an actual environmental policy or primarily rhetoric. However, landscape could become an important town-planning issue if its invisible components – social and environmental aspects – were included in its visible dimension.
690 _adroit de l'environnement
690 _adroit de l'urbanisme
690 _aenvironnement
690 _apaysage urbain
690 _aurbanisme
690 _aenvironment law
690 _aenvironnement
690 _atown planning
690 _atown planning law
690 _aurban landscape
786 0 _nL’Espace géographique | 34 | 1 | 2005-03-01 | p. 65-80 | 0046-2497
856 4 1 _uhttps://shs.cairn.info/revue-espace-geographique-2005-1-page-65?lang=fr&redirect-ssocas=7080
999 _c1584785
_d1584785